000 01030nam a2200277 i 4500
001 75696
003 ES-MaACL
005 20250818131137.0
008 040927s1971 sp a |||| | spa d
080 _a931
245 0 4 _aLos grandes enigmas de las civilizaciones antiguas.
260 _aMadrid :
_bCírculo de Amigos de la Historia,
_c[1971]
300 _a3 v. :
_bil. ;
_c18 cm.
505 0 _a1. La Atlántida, Angkor Vat, Sumer, Los fenicios / Jean Watelet ... [et al.] - 2. Grecia y Oriente Medio / Jean Renald ... [et al.] - 3. Roma y Pompeya / Enrique Centeno Puente
650 4 _aCivilización antigua.
_9141209
650 4 _aCivilización griega.
_9137206
651 4 _aOriente Medio-
_xCivilización.
_9170045
651 4 _aRoma-
_xHistoria.
_99312
651 4 _aPompeya (Ciudad desaparecida)
_9149648
700 1 _aWatelet, Jean.
_9173639
700 1 _aRenald, Jean.
_9173640
700 1 _aCenteno Puente, Enrique.
_9173641
700 2 _a
_9241856
852 _aES-MaACL
_jC-46024-26
999 _c75696
_d75696